| 000 | 00383nam a2200169Ia 4500 | ||
|---|---|---|---|
| 008 | 221030s9999 xx 000 0 und d | ||
| 020 | _a8188057020 | ||
| 041 | _aEnglish | ||
| 082 |
_a105.23 _bShah |
||
| 100 | _aY. I. Shah | ||
| 245 | 0 | _aProgramming in C++ | |
| 260 |
_bISTE _aNew Delhi _c2001 |
||
| 300 | _a8.68 | ||
| 650 | _aBE Computer | ||
| 700 | _aM. H. Thaker | ||
| 942 | _cBK | ||
| 999 |
_c2711 _d2711 |
||